| 000 | 00501nam a22001817a 4500 | ||
|---|---|---|---|
| 003 | MPLRDC | ||
| 005 | 20220104124330.0 | ||
| 008 | 210129b ||||| |||| 00| 0 eng d | ||
| 020 | _a962-7735-02-7 | ||
| 082 | _a738.6256 XMQY | ||
| 100 | _a新马侨友会编 | ||
| 245 |
_a马来亚人民抗日斗争史料选辑 _c |
||
| 250 | _a一版一刷 | ||
| 260 |
_a _b香港见证出版有限公司 _c1992 |
||
| 300 | _b平 | ||
| 650 | _a东南亚--马来西亚日据时期 | ||
| 942 |
_cBK _o738.6256 XMQY |
||
| 999 |
_c18490 _d18480 |
||